Separacia vybraných kumarínov metódou vysokoúčinnej kvapalinovej chromatografie

Salvato in:
Dettagli Bibliografici
Autore principale: Auxtová, Alžbeta (Autore)
Altri autori: Hroboňová, Katarína (Relatore della tesi)
Natura: Manoscritto Libro
Lingua:slovacco
Pubblicazione: 2016
Soggetti:
Accesso online:http://is.stuba.sk/zp/portal_zp.pl?podrobnosti=101687
Tags: Aggiungi Tag
Nessun Tag, puoi essere il primo ad aggiungerne!!

MARC

LEADER 00000ntm a22000003a 4500
001 stuzp53055
003 SK-STU
005 20160719154350.5
007 ta
008 150427s2015----xo-----f-mn---000-0-slo-d
040 |a STU  |b slo 
041 0 |a slo 
100 1 |a Auxtová, Alžbeta  |u 041180  |4 aut  |U FCHPT Ústav analytickej chémie  |T FCHPT Oddelenie analytickej chémie  |X 61113  |U C1180  |Y 108  |7 61113 
242 0 1 |a Separation of Selected Coumarins by High Performance Liquid Chromatography  |y eng 
245 1 0 |a Separacia vybraných kumarínov metódou vysokoúčinnej kvapalinovej chromatografie 
260 |c 2016 
650 4 |a kumaríny  |2 slo 
650 4 |a separácia  |2 slo 
650 4 |a HPLC  |2 slo 
650 4 |a separation  |2 eng 
650 4 |a HPLC  |2 eng 
650 4 |a coumarins  |2 eng 
700 1 |a Hroboňová, Katarína  |u 041000  |k Z1  |4 ths  |U FCHPT Fakulta chemickej a potravinárskej technológie  |T FCHPT Ústav analytickej chémie  |X 3931  |U C1000  |Y 99  |7 A000003931 
856 4 |u http://is.stuba.sk/zp/portal_zp.pl?podrobnosti=101687 
SQL |a stuzp53055  |b DBP  |c SLO  |d Separacia vybraných kumarínov metódou vysokoúčinnej kvapalinovej chromatografie  |e 61113  |f Auxtová, Alžbeta  |g 041180  |h 3931  |i Hroboňová, Katarína  |j 20160711  |k 753  |l 04  |m http://is.stuba.sk/zp/portal_zp.pl?podrobnosti=101687  |n B-CHEMAT  |o 4.1.14. chémia, 5.2.18. chemické technológie